|
|
|
|
| LEADER |
01216nam a22002417a 4500 |
| 001 |
40389 |
| 003 |
BD-DhAAL |
| 008 |
230314r20061985ii ||||| |||| 00| 0 ben d |
| 020 |
|
|
|a 8177565982
|
| 040 |
|
|
|a BD-DhAAL
|c BD-DhAAL
|
| 041 |
|
|
|a ben
|
| 082 |
|
|
|a 891.4414
|2 23
|
| 245 |
|
|
|a ইন্দিরা দেবী, প্রমথ চৌধুরী, পত্রাবলী /
|c সুভাষ চৌধুরী সম্পাদিত.
|
| 260 |
|
|
|a কলকাতা :
|b আনন্দ পাবলিশার্স,
|c ১৯৮৫ [দ্বিতীয় পরিবর্ধিত সংস্করণ ২০০৬].
|
| 300 |
|
|
|a ২০৩ পৃষ্ঠা ;
|c ২২ সে.মি.
|
| 541 |
|
|
|a Donated By Akbar Ali Khan
|e 40389
|
| 600 |
|
|
|a Chaudhurani, Indira Devi,
|d 1873-1960.
|9 53853
|
| 600 |
|
|
|a Authors, Bengali
|y 19th century
|v Correspondence.
|9 53854
|
| 700 |
|
|
|a চৌধুরী, সুভাষ
|9 53855
|
| 852 |
|
|
|a Ayesha Abed Library
|c Akbar Ali Khan Collection
|
| 942 |
|
|
|2 ddc
|c BK
|
| 999 |
|
|
|c 45591
|d 45591
|
| 952 |
|
|
|0 0
|1 0
|2 ddc
|4 0
|6 891_441400000000000_IND
|7 1
|9 73406
|a BRACUL
|b BRACUL
|c AAKC
|d 2023-03-14
|e Donated By Akbar Ali Khan
|g 150.00
|l 0
|o 891.4414 IND
|p 3010040389
|r 2023-03-14
|t 1
|w 2023-03-14
|y BK
|